| 000 | 00877cac a2200265 a 4500 | ||
|---|---|---|---|
| 003 | Co-PeBPM | ||
| 005 | 20240829163058.0 | ||
| 007 | ta | ||
| 008 | 231129s1985||||ck a||||||||||||| ||spa|| | ||
| 020 | _a8434578522 | ||
| 040 |
_aCo-PeBPM _bspa _cCo-PeBPM _erda |
||
| 082 | 0 | 4 |
_a070.194 B971r _222 |
| 100 |
_aBurriel, José María _eautor |
||
| 245 | 0 |
_aLa radio _c/ José María Burriel |
|
| 260 |
_aMadrid, España _b: Salvat Editores, _c1985 |
||
| 300 |
_a64 páginas _bilustraciones a color _c19 centímetros |
||
| 490 |
_aColección Salvat Temas Clave _v50 |
||
| 500 | _aIncluye índice | ||
| 504 | _aIncluye Bibliografía | ||
| 650 | 1 | 4 |
_aRadiodifusión _2Lemb |
| 650 | 1 | 4 |
_aProgramas de radio _2Lemb |
| 650 | 1 | 4 | _aMedios de comunicación de masas |
| 942 |
_2ddc _cBK |
||
| 999 |
_c18049 _d18049 |
||